| 000 | 01374nam a22003374a 4500 | ||
|---|---|---|---|
| 001 | vtls003236622 | ||
| 003 | MY-SjTCS | ||
| 005 | 20200226113909.0 | ||
| 006 | m u | ||
| 007 | cr cn||||||||| | ||
| 008 | 120815s2002 caua s 001 0 eng | ||
| 020 | _z0122619129 (acid-free paper) | ||
| 035 | _a(OCoLC)647652956 | ||
| 035 | _a(CaPaEBR)ebr10190900 | ||
| 039 | 9 |
_y201208151703 _zwilmina |
|
| 040 |
_aCaPaEBR _cCaPaEBR |
||
| 050 | 1 | 4 |
_aTP155 _b.F6584 2002eb |
| 082 | 0 | 4 |
_a660 _222 |
| 100 | 1 | _aFoley, Henry C. | |
| 245 | 1 | 0 |
_aIntroduction to chemical engineering analysis using Mathematica _h[electronic resource] / _cHenry C. Foley. |
| 246 | 3 | 0 | _aChemical engineering analysis using Mathematica |
| 260 |
_aSan Diego, Calif. : _bAcademic Press, _cc2002. |
||
| 300 |
_axxvii, 509 p. : _bill. ; _c24 cm. + |
||
| 500 | _aIncludes index. | ||
| 533 |
_aElectronic reproduction. _bPalo Alto, Calif. : _cebrary, _d2009. _nAvailable via World Wide Web. _nAccess may be limited to ebrary affiliated libraries. |
||
| 650 | 0 | _aChemical engineering. | |
| 650 | 0 | _aMathematica (Computer program language) | |
| 655 | 7 |
_aElectronic books. _2local |
|
| 710 | 2 |
_aebrary, Inc. _925628 |
|
| 856 | 4 | 0 |
_uhttps://ezproxy.taylors.edu.my/login?url=http://site.ebrary.com/lib/taylorscollege/Doc?id=10190900 _zAn electronic book accessible through the World Wide Web; click to view |
| 999 | _c123658 | ||